Metalurgické spájanie Ti s vybranou ľahkou zliatinou = Metalurgical bonding of Ti with chosen light alloy : Diplomová práca

Saved in:
Bibliographic Details
Main Author: Barek, Adrián (Author)
Other Authors: Turňa, Milan (xxx)
Format: Manuscript Book
Language:Slovak
Published: Trnava : STU v Bratislave MTF UVTE KZv, 2008
Subjects:
Tags: Add Tag
No Tags, Be the first to tag this record!

MARC

LEADER 00000ntm a22000003a 4500
001 stu166518
005 20160719160014.7
008 080709s2008----xo------------------slo-d
040 |a STU  |b slo 
041 0 |a slo 
044 |a xo 
100 1 |a Barek, Adrián  |4 aut 
245 1 |a Metalurgické spájanie Ti s vybranou ľahkou zliatinou = Metalurgical bonding of Ti with chosen light alloy :  |b Diplomová práca 
260 |a Trnava :  |b STU v Bratislave MTF UVTE KZv,  |c 2008 
300 |a 88 s  |c 1 CD-ROM 
500 |a Študijný program: zváranie a spájanie materiálov 
500 |a Študijný odbor: 5.2.51 výrobné technológie 
650 7 |a zváranie explóziou  |2 stusub 
650 7 |a hliník  |2 stusub 
650 7 |a titán  |2 stusub 
650 7 |a kvalita zvarov  |2 stusub 
700 1 |a Turňa, Milan  |4 xxx  |u M3000  |U MTF Materiálovotechnologická fakulta  |T MTF Ústav výrobných technológií  |U M3000  |Y 83 
700 1 |a Nesvadba, Petr,  |d 1977-  |4 csl  |u M140  |T MTF Katedra zvárania  |X 60268  |U M140  |Y M140  |7 A000060268 
996 |b 284M067998  |c M*DP-7247  |l MMSKP  |s P  |a 0  |w stu166518_0001